Moana - Characters by Picture - Statistics

General Stats
  • This quiz has been taken 204 times
  • The average score is 4 of 7
Answer Stats
Picture Answer % Correct
Moana Waialiki
100%
Maui
94%
Hei Hei
59%
Gramma Tala
44%
Tamatoa
43%
Chief Tui
40%
Sina
33%
No matching quizzes found
Score Distribution
Percent of People with Each Score
Percentile by Number Answered
Your Score History
You have not taken this quiz